Thuỷ sinh học các thủy vực nước ngọt nội địa Việt Nam

Tài liệu trình bày nội dung về đặc trưng môi trường sống các thủy vực nước ngọt nội địa Việt Nam, đặc trưng sinh học các thủy vực nước ngọt nội địa, đặc trưng sinh thái các thủy vực nước ngọt nội địa Việt Nam, và nguồn lợi thủy si...

Full description

Saved in:
Bibliographic Details
Main Author: Đặng, Ngọc Thanh
Format: Book
Language:Undetermined
Published: Hà Nội Khoa học và Kỹ thuật 2002
Subjects:
Tags: Add Tag
No Tags, Be the first to tag this record!
Institutions: Trung tâm Học liệu Trường Đại học Cần Thơ
LEADER 01240nam a2200229Ia 4500
001 CTU_54461
008 210402s9999 xx 000 0 und d
020 |b 65000 
082 |a 577.6 
082 |b Th107 
100 |a Đặng, Ngọc Thanh 
245 0 |a Thuỷ sinh học các thủy vực nước ngọt nội địa Việt Nam 
245 0 |c Đặng Ngọc Thanh 
260 |a Hà Nội 
260 |b Khoa học và Kỹ thuật 
260 |c 2002 
520 |a Tài liệu trình bày nội dung về đặc trưng môi trường sống các thủy vực nước ngọt nội địa Việt Nam, đặc trưng sinh học các thủy vực nước ngọt nội địa, đặc trưng sinh thái các thủy vực nước ngọt nội địa Việt Nam, và nguồn lợi thủy sinh vật các thủy vực nước ngọt nội địa Việt Nam, tiềm năng, phương hướng khai thác và sử dụng hợp lý. 
526 |a Nguồn lợi thủy sinh vật 
526 |b TSQ602 
650 |a Aquatic ecology,Freshwater ecology 
904 |i Giang sửa 
980 |a Trung tâm Học liệu Trường Đại học Cần Thơ